000 00415nam a2200181Ia 4500
005 20250603145633.0
008 250603s9999 xx 000 0 und d
020 _a9780232540
050 _aPL 8014 .N6/
100 _aGarah, G. G.
245 0 _aRadical essays on Nigerian literatures
260 _aLagos
260 _bMalthouse Press
260 _c2008
300 _a342 p
650 _aLagos
942 _cBK
999 _c42418
_d42418